Vybrané problémy rozvojových krajín

Gespeichert in:
Bibliographische Detailangaben
1. Verfasser: Baumgartner, Boris
Körperschaft: Ekonomická univerzita v Bratislave. Obchodná fakulta
Weitere Verfasser: Zubaľová, Ľubica, 1969-, Gavaľová, Viera, Lacek, Dušan
Format: Buch
Sprache:Slowakisch
Veröffentlicht: Bratislava Vydavateľstvo EKONÓM 2016
Ausgabe:1. vyd.
Schlagworte:
Tags: Tag hinzufügen
Keine Tags, Fügen Sie das erste Tag hinzu!

MARC

LEADER 00000nam a2200000 4500
001 0219530
005 20240502073621.9
020 |a 978-80-225-4236-4 
041 0 |a slo 
044 |a SK 
245 1 0 |a Vybrané problémy rozvojových krajín  |c Boris Baumgartner, Ľubica Zubaľová ; recenzenti: Viera Gavaľová, Dušan Lacek 
250 |a 1. vyd. 
264 1 |a Bratislava  |b Vydavateľstvo EKONÓM  |c 2016 
300 |a 154 s. [8,17 AH] 
610 2 0 |a krajiny rozvojové 
610 2 0 |a produkt domáci hrubý 
610 2 0 |a vývoz 
610 2 0 |a dovoz 
610 2 0 |a investície priame zahraničné 
610 2 0 |a integrácia ekonomická medzinárodná 
610 2 0 |a ASEAN 
610 2 0 |a Mercosur 
610 2 0 |a poľnohospodárstvo 
610 2 0 |a bezpečnosť potravinová 
610 2 0 |a pôda 
610 2 0 |a politika rozvojová 
610 2 0 |a pomoc rozvojová 
610 2 0 |a Európska únia 
100 1 |a Baumgartner, Boris 
700 1 |a Zubaľová, Ľubica, 1969- 
700 1 |a Gavaľová, Viera 
700 1 |a Lacek, Dušan 
710 2 |a Ekonomická univerzita v Bratislave. Obchodná fakulta